[Event "COL-ch U16 sf1"]
[Site "Duitama"]
[Date "2019.04.12"]
[Round "3.20"]
[White "Olivera Tejedor, Gabriel"]
[Black "Carrillo Riano, Karen Sofia"]
[Result "0-1"]
[WhiteElo "1600"]
[BlackElo "1445"]
[PlyCount "39"]
[EventDate "2019.04.11"]
[EventType "swiss"]
[EventRounds "6"]
[EventCountry "COL"]
[SourceTitle "EXT 2024"]
[Source "ChessBase"]
[SourceDate "2023.10.10"]
[SourceVersion "1"]
[SourceVersionDate "2023.10.10"]
[SourceQuality "1"]

1. e4 e5 2. Nf3 Nc6 3. Bc4 Nf6 4. d3 h6 5. 0-0 Bc5 6. Bb3 d6 7. c3 Bg4 8. h3 Bh5 9. Re1 0-0 10. Nbd2 Re8 11. Nf1 Bg6 12. Ng3 Nh5 13. Be3 Bxe3 14. Rxe3 Nf4 15. Ne2 Qf6 16. Nxf4 exf4 17. Re1 Bh5 18. Kf1 Ne5 19. d4 Nxf3 20. gxf3 0-1